000
00265nam a2200109Ia 4500
008
230907s9999||||xx |||||||||||||| ||und||
082
_a
621.317
_b
ING
245
0
_a
Switchgear and protection /
260
_a
Pearson,
_b
Noida :
_c
2018
300
_a
553 p.
942
_c
BK
999
_c
599959
_d
599959